1749 1899 1428 1234 1385 1160 1525 1452 1353 1872 1280 1324 1487 1565 1639 1299 1619 1419 1907 1395 1600 1150 1312 1783 1077 1097 1346 1984 1263 1280 1136 1291 1778 1801 1363 1977 1752 1088 1728 1729 1526 1163 1247 1705 1695 1414 1566 1586 1415 1028 1583 1741 1131 1397 1701 1665 1953 1098 1975 1712 1789 1500 1830 1698 1472 1021 1732 1389 1592 1723 1914 1519 1216 1066 1420 1859 1903 1563 1444 1977 1988 1973 1762 1583 1148 1646 1694 1928 1782 1099 1772 1410 1317 1407 1234 1679 1383 1942 1012 BCNSPRNW ULIB Ver.6.0+V

เปลี่ยนเป็นภาษาไทย

Change to English
 แสดงรายละเอียดบรรณานุกรม
  กลับหน้าหลัก

Brief Record : Get Marc (ISO 2709) : E-mail record : QR code < ปิดหน้าต่าง
LEADER : 00000nam 2200000uu 4500
001    13399125466
003     ULIB
008    170505s2559 th a b 000 0 tha d
020    ^a9786164070233
040    ^absi
060 04 ^aWL100^bB311
245 00 ^aBasic and clinical neuroscience 8 /^cบรรณาธิการ, ไอยวุฒิไทยพิสุทธิกุล ... [และคนอื่นๆ]
250    ^aพิมพ์ครั้งที่ 1
260    ^aกรุงเทพฯ :^bสาขาประสาทวิทยา ภาควิชาอายุรศาสตร์ คณะแพทยศาสตร์จุฬาลงกรณ์มหาวิทยาลัย,^c2559
300    ^a408 หน้า :^bภาพประกอบ ;^c26 ซม.
650  4 ^aประสาทวิทยา
650  4 ^aประสาทวิทยาศาสตร์
700 0  ^aไอยวุฒิ ไทยพิสุทธิกุล,^eบรรณาธิการ
710 2  ^aจุฬาลงกรณ์มหาวิทยาลัย.^bคณะแพทยศาสตร์.^bภาควิชาอายุรศาสตร์
945    ^p500^l0^i25132
945    ^p500^l0^i25133
945    ^p500^l0^i25134
945    ^p500^l0^i25135
945    ^p500^l0^i25136
995    ^aกัณชพร
999    ^aกัณชพร
รายการนี้ยังไม่มีแท็ก
คุณยังไม่ได้ล็อกอิน คุณสามารถมีกิจกรรมร่วมกับเว็บไซต์ได้ แต่ต้องล็อกอินก่อน ::
  ล็อกอิน

รายการสื่อสารสนเทศ

ลำดับที่ ประเภท เลขเรียก/บาร์โค้ด สถานที่ สถานะ
1. หนังสือสำรอง
หนังสือสำรอง
สถานะ=หนังสือเก่า
WL100 B311 ฉ.1 
  Barcode: 25132
ห้องสมุดวิทยาเขตนครสวรรค์
►ส่วนจัดเก็บหนังสือเก่า นว.
บนชั้น
  ขอยืม
2. วิทยาศาสตร์การแพทย์ และสุขภาพ
วิทยาศาสตร์การแพทย์ และสุขภาพ
สถานะ=หนังสือเก่า
WL100 B311 ฉ.2 
  Barcode: 25133
ห้องสมุดวิทยาเขตนครสวรรค์
►ส่วนจัดเก็บหนังสือเก่า นว.
บนชั้น
  ขอยืม
3. วิทยาศาสตร์การแพทย์ และสุขภาพ
วิทยาศาสตร์การแพทย์ และสุขภาพ
สถานะ=หนังสือเก่า
WL100 B311 ฉ.3 
  Barcode: 25134
ห้องสมุดวิทยาเขตนครสวรรค์
►ส่วนจัดเก็บหนังสือเก่า นว.
บนชั้น
  ขอยืม
4. วิทยาศาสตร์การแพทย์ และสุขภาพ
วิทยาศาสตร์การแพทย์ และสุขภาพ
สถานะ=หนังสือเก่า
WL100 B311 ฉ.4 
  Barcode: 25135
ห้องสมุดวิทยาเขตนครสวรรค์
►ส่วนจัดเก็บหนังสือเก่า นว.
บนชั้น
  ขอยืม
5. วิทยาศาสตร์การแพทย์ และสุขภาพ
วิทยาศาสตร์การแพทย์ และสุขภาพ
สถานะ=หนังสือเก่า
WL100 B311 ฉ.5 
  Barcode: 25136
ห้องสมุดวิทยาเขตนครสวรรค์
►ส่วนจัดเก็บหนังสือเก่า นว.
บนชั้น
  ขอยืม

รายการใกล้เคียง
    หัวเรื่อง [ประสาทวิทยา]
    หัวเรื่อง [ประสาทวิทยาศาสตร์]

BibComment


ยังไม่เคยถูกคอมเมนท์

คอมเมนท์ทรัพยากรรายการนี้
  คอมเมนท์: Basic and clinic..


 Copyright 2026. Bcnsprnw @Library